[Event "FRA-ch U14 Girls"]
[Site "Gonfreville"]
[Date "2016.04.11"]
[Round "2.1"]
[White "Benezra, Ruthy"]
[Black "Bellahcene, Meriem"]
[Result "0-1"]
[WhiteElo "1448"]
[BlackElo "1842"]
[PlyCount "60"]
[EventDate "2016.04.22"]
[EventType "swiss"]
[EventRounds "9"]
[EventCountry "FRA"]
[SourceTitle "EXT 2019"]
[Source "ChessBase"]
[SourceDate "2018.10.10"]
[SourceVersion "1"]
[SourceVersionDate "2018.10.10"]
[SourceQuality "1"]

1. e4 c5 2. Nc3 Nc6 3. f4 g6 4. Nf3 Bg7 5. Bc4 e6 6. d3 Nge7 7. 0-0 0-0 8. Qe1 d5 9. Bb3 Na5 10. f5 Nxb3 11. axb3 exf5 12. Qh4 f6 13. exd5 b6 14. Qc4 Kh8 15. Bf4 g5 16. d6 Nc6 17. Bg3 f4 18. Bf2 Qxd6 19. Nb5 Qd7 20. Rfe1 a6 21. Nc3 Bb7 22. Nd5 Qd8 23. Re6 Na5 24. Qc3 Bxd5 25. Re2 Nc6 26. Rae1 Qd7 27. d4 cxd4 28. Nxd4 f5 29. Qd3 Be4 30. Qc4 Bxd4 0-1

[Event "FRA-ch U12 Girls"]
[Site "Montbeliard"]
[Date "2014.04.26"]
[Round "8"]
[White "Le Du, Anaelle"]
[Black "Benezra, Ruthy"]
[Result "1-0"]
[WhiteElo "1356"]
[BlackElo "1301"]
[PlyCount "85"]
[EventDate "2014.04.21"]
[EventType "swiss"]
[EventRounds "9"]
[EventCountry "FRA"]
[SourceTitle "CBM 160 Extra"]
[Source "ChessBase"]
[SourceDate "2014.07.01"]
[SourceVersion "1"]
[SourceVersionDate "2014.07.01"]
[SourceQuality "1"]

1. c4 e5 2. Nc3 Nc6 3. g3 f5 4. Bg2 Nf6 5. d3 Bb4 6. Bd2 d6 7. a3 Bxc3 8. Bxc3 0-0 9. e3 Qe8 10. Ne2 Kh8 11. 0-0 f4 12. exf4 Qh5 13. f3 Bh3 14. fxe5 Nxe5 15. Nf4 Qh6 16. Nxh3 Qe3+ 17. Kh1 Nxd3 18. f4 Ne4 19. Qf3 Qxf3 20. Bxf3 Rfe8 21. Rad1 Ndc5 22. Nf2 Nxc3 23. bxc3 Re3 24. Bg2 Rxc3 25. Rb1 Rb8 26. Ne4 b6 27. Nxc3 Re8 28. Rbe1 Rf8 29. Re7 Na6 30. Rfe1 g6 31. Re8 Kg7 32. R1e7+ Rf7 33. Nd5 h6 34. Rxf7+ Kxf7 35. Ra8 c6 36. Rxa7+ Ke6 37. Rxa6 cxd5 38. Bxd5+ Ke7 39. Rxb6 g5 40. a4 gxf4 41. gxf4 h5 42. Rb7+ Kd8 43. a5 1-0